000 00849cam a2200265 4500
001 ABS61970
008 000000n2000 000 0 eng u
035 _a(Sirsi) u104502
100 _aDriscoll, J.
245 _aResidential leasehold Reform
260 _c2000
490 _aNew Law Journal
_v150(6294) 25 February 2000 285-286(2)
520 _aExamines provisions for commonhold and leasehold reform including the background to the proposals.
590 _aABS
650 _aHOUSING ACT 1996
650 _aLEASEHOLD REFORM, HOUSING AND URBAN DEVELOPMENT ACT 1993
650 _aRESIDENCE TEST
650 _aLEASE RENEWAL
650 _aSERVICE CHARGES
650 _aLANDLORD AND TENANT ACT 1985
650 _aLANDLORD AND TENANT ACT 1987
650 _aCOMMONHOLD
690 _aLANDLORD AND TENANT-LEASEHOLD REFORM
942 _n0
999 _c62703
_d62703